'07 annual wealth report (Record no. 107350)

MARC details
000 -LEADER
fixed length control field 01298cam a22002175a 4500
001 - CONTROL NUMBER
control field L139792
008 - FIXED-LENGTH DATA ELEMENTS--GENERAL INFORMATION
fixed length control field 070808s2007 xxkd f s 000 0 eng d
035 ## - SYSTEM CONTROL NUMBER
System control number (Sirsi) u139792
041 0# - LANGUAGE CODE
Language code of text/sound track or separate title eng
050 04 - LIBRARY OF CONGRESS CALL NUMBER
Classification number 333.33 $2 18
110 2# - MAIN ENTRY--CORPORATE NAME
Corporate name or jurisdiction name as entry element Knight Frank
9 (RLIN) 1530
245 00 - TITLE STATEMENT
Title '07 annual wealth report
Remainder of title prime residential property
Medium [electronic resource]
260 ## - PUBLICATION, DISTRIBUTION, ETC.
Place of publication, distribution, etc. London
Name of publisher, distributor, etc. Knight Frank
Date of publication, distribution, etc. 2007
520 ## - SUMMARY, ETC.
Summary, etc. Reports on the prime residential market and attitudes of high net worth individuals (HNWIs) who hold a portfolio within it. Finds that the dramatic increase of the prime market, in contrast to the wider market's sober condition, reflects a real trend of wealth creation. The key difference between HNWIs and other investors is the attitude to risk and reward. HNWI portfolios are incredibly diverse and this, along with greater capital, is seen as the main reason. Purchase activity in the prime market is motivated by the desire for luxury; solution to time poverty; and the desire for prestige.
590 ## - LOCAL NOTE (RLIN)
Local note KA
651 #4 - SUBJECT ADDED ENTRY--GEOGRAPHIC NAME
Geographic name International
690 ## - LOCAL SUBJECT ADDED ENTRY--TOPICAL TERM (OCLC, RLIN)
Topical term or geographic name as entry element PROPERTY-RESIDENTIAL PROPERTY-RESIDENTIAL PROPERTY MARKET
710 2# - ADDED ENTRY--CORPORATE NAME
Corporate name or jurisdiction name as entry element Citi Private Bank
9 (RLIN) 5312
856 48 - ELECTRONIC LOCATION AND ACCESS
Uniform Resource Identifier <a href="https://www.knightfrank.com/research/ViewDetails.aspx?reportTitleid=149&tid=">https://www.knightfrank.com/research/ViewDetails.aspx?reportTitleid=149&tid=</a>
Public note View the item free of charge
942 ## - ADDED ENTRY ELEMENTS (KOHA)
Suppress in OPAC 0
Holdings
Withdrawn status Lost status Source of classification or shelving scheme Damaged status Not for loan Home library Current library Shelving location Date acquired Total Checkouts Full call number Barcode Date last seen Copy number Price effective from Koha item type
    Dewey Decimal Classification     Virtual Virtual Online 08/08/2007   ONLINE PUBLICATION 139792-1001 06/08/2019 1 06/08/2019 Book